[Event "2013"]
[Site "?"]
[Date "2013.05.01"]
[Round "10.2"]
[White "Almasi, Zoltan"]
[Black "Andreikin, Dmitry"]
[Result "1/2-1/2"]
[LiveChessVersion "1.3.1"]
[BlackElo "2727"]
[WhiteElo "2689"]

1. e4 {[%clk 1:30:57]} e5 {[%clk 1:29:56]} 2. Nf3 {[%clk 1:31:21]} Nc6
{[%clk 1:30:20]} 3. Bb5 {[%clk 1:31:20]} Nf6 {[%clk 1:30:43]} 4. O-O
{[%clk 1:28:30]} Nxe4 {[%clk 1:31:06]} 5. d4 {[%clk 1:28:50]} Nd6
{[%clk 1:31:30]} 6. Bxc6 {[%clk 1:28:58]} dxc6 {[%clk 1:31:54]} 7. dxe5
{[%clk 1:29:24]} Nf5 {[%clk 1:32:19]} 8. Qxd8+ {[%clk 1:29:47]} Kxd8
{[%clk 1:32:43]} 9. Nc3 {[%clk 1:30:09]} Bd7 {[%clk 1:33:05]} 10. Rd1
{[%clk 1:27:17]} Kc8 {[%clk 1:33:16]} 11. Ng5 {[%clk 1:27:04]} Be8
{[%clk 1:27:20]} 12. b3 {[%clk 1:26:49]} b6 {[%clk 1:22:07]} 13. Bb2
{[%clk 1:26:58]} Be7 {[%clk 0:53:56]} 14. Nge4 {[%clk 1:27:21]} Bd7
{[%clk 0:53:57]} 15. Rd3 {[%clk 1:21:19]} Be6 {[%clk 0:43:30]} 16. Ne2
{[%clk 1:14:02]} g5 {[%clk 0:43:37]} 17. h3 {[%clk 1:05:32]} h5 {[%clk 0:24:35]}
18. Nd6+ {[%clk 0:47:00]} Bxd6 {[%clk 0:24:46]} 19. exd6 {[%clk 0:47:27]} Rg8
{[%clk 0:25:09]} 20. dxc7 {[%clk 0:45:16]} Kxc7 {[%clk 0:25:33]} 21. Rad1
{[%clk 0:35:59]} Rae8 {[%clk 0:25:46]} 22. Kf1 {[%clk 0:26:22]} 1/2-1/2